El movimiento inducido en el nino pequeno y sus agentes. (Record no. 11808)
[ view plain ]
| 000 -CABECERA | |
|---|---|
| campo de control de longitud fija | 00811cam a22002411 4500 |
| 001 - NÚMERO DE CONTROL | |
| campo de control | 000012143 |
| 005 - FECHA Y HORA DE LA ÚLTIMA TRANSACCIÓN | |
| campo de control | 20200929162720.0 |
| 008 - DATOS DE LONGITUD FIJA--INFORMACIÓN GENERAL | |
| campo de control de longitud fija | 771212s1967 ag ag b 000 0 spa |
| 010 ## - NÚMERO DE CONTROL DE LA BIBLIOTECA DEL CONGRESO | |
| Número de control de LC | 68087208 |
| 035 ## - NÚMERO DE CONTROL DEL SISTEMA | |
| Número de control de sistema | (OCoLC)3485975 |
| 040 ## - FUENTE DE LA CATALOGACIÓN | |
| Centro catalogador/agencia de origen | DO-SdBNP |
| Centro/agencia transcriptor | FMFIU |
| Centro/agencia modificador | DLC |
| 042 ## - CÓDIGO DE AUTENTICACIÓN | |
| Código de autenticación | premarc |
| 050 00 - SIGNATURA TOPOGRÁFICA DE LA BIBLIOTECA DEL CONGRESO | |
| Número de clasificación | MT898 |
| Número de documento/Ítem | .T57 |
| 100 2# - ENTRADA PRINCIPAL--NOMBRE DE PERSONA | |
| Nombre de persona | Tiraboschi de Grimm, Lita. |
| 9 (RLIN) | 28697 |
| 245 13 - MENCIÓN DE TÍTULO | |
| Título | El movimiento inducido en el nino pequeno y sus agentes. |
| 260 ## - PUBLICACIÓN, DISTRIBUCIÓN, ETC. | |
| Lugar de publicación, distribución, etc. | Buenos Aires, : |
| Nombre del editor, distribuidor, etc. | El Ateneo, |
| Fecha de publicación, distribución, etc. | [1967]. |
| 300 ## - DESCRIPCIÓN FÍSICA | |
| Extensión | 215 p. : |
| Otras características físicas | illus., music. ; |
| Dimensiones | 20 cm. |
| 490 0# - MENCIÓN DE SERIE | |
| Mención de serie | Biblioteca "Nuevas orientaciones de la educacion" |
| 500 ## - NOTA GENERAL | |
| Nota general | Includes action songs, for piano, with words. |
| 504 ## - NOTA DE BIBLIOGRAFÍA, ETC. | |
| Nota de bibliografía, etc. | Bibliography: p. [207]-212. |
| 650 #0 - PUNTO DE ACCESO ADICIONAL DE MATERIA--TÉRMINO DE MATERIA | |
| Término de materia o nombre geográfico como elemento de entrada | Music |
| Subdivisión general | Instruction and study |
| -- | Juvenile. |
| 9 (RLIN) | 28698 |
| 910 ## - DATOS DE OPCIÓN DEL USUARIO (OCLC) | |
| Datos de opción del usuario | Catalogación por copia / LC |
| Estado de retiro | Estado de pérdida | Restricciones de uso | No para préstamo | Código de colección | Localización permanente | Ubicación/localización actual | Ubicación en estantería | Fecha de adquisición | Número de inventario | Total de préstamos | Signatura topográfica completa | Código de barras | Fecha visto por última vez | Precio válido a partir de | Tipo de ítem Koha | Número de copia |
|---|---|---|---|---|---|---|---|---|---|---|---|---|---|---|---|---|
| Préstamo interno | Monografías: Libros y Folletos | General | General | En catalogación | 05.11.2009 | LF1 | 12143-10 | 25.06.2020 | 25.06.2020 | Préstamo interno | ||||||
| Préstamo restringido | Préstamo restrigido | Monografías: Libros y Folletos | General | General | En catalogación | 05.11.2009 | LF1 | 12143-20 | 25.06.2020 | 25.06.2020 | Préstamo interno | e.2 |
